Darah, Keringat dan airmata : (Record no. 59842)

MARC details
000 -LEADER
fixed length control field 00658cam a22002291i 4500
001 - CONTROL NUMBER
control field sa 64006724
003 - CONTROL NUMBER IDENTIFIER
control field DLC
005 - DATE AND TIME OF LATEST TRANSACTION
control field 20260227112041.0
008 - FIXED-LENGTH DATA ELEMENTS--GENERAL INFORMATION
fixed length control field 870317s1963 io 000 0 ind
010 ## - LIBRARY OF CONGRESS CONTROL NUMBER
LC control number sa 64006724
025 ## - OVERSEAS ACQUISITION NUMBER
Overseas acquisition number PL480:Indo-660
035 ## - SYSTEM CONTROL NUMBER
System control number (OCoLC)23547284
040 ## - CATALOGING SOURCE
Original cataloging agency DLC
Transcribing agency MiU
Modifying agency OAU
-- DLC
042 ## - AUTHENTICATION CODE
Authentication code premarc
050 00 - LIBRARY OF CONGRESS CALL NUMBER
Classification number D743.9
Item number .D238
245 00 - TITLE STATEMENT
Title Darah, Keringat dan airmata :
Remainder of title kumpulan kisah-perang /
Statement of responsibility, etc. susunan Is. Daulay.
260 ## - PUBLICATION, DISTRIBUTION, ETC.
Place of publication, distribution, etc. Djakarta :
Name of publisher, distributor, etc. Aneka Sastra,
Date of publication, distribution, etc. 1963.
300 ## - PHYSICAL DESCRIPTION
Extent 86 p. ;
Dimensions 15 cm.
490 0# - SERIES STATEMENT
Series statement Seri hiburan populer ;
Volume/sequential designation no. HP-1
650 #0 - SUBJECT ADDED ENTRY--TOPICAL TERM
Topical term or geographic name entry element World War, 1939-1945
Form subdivision Anecdotes.
700 1# - ADDED ENTRY--PERSONAL NAME
Personal name Daulay, Is.

No items available.

Powered by Koha